00432nam a2200169 a 4500001001300000003000900013005001700022008004100039020001000080082001300090245001500103260005000118300000900168500003500177650001800212710003200230nice12345678IN_TiNIC20260116013630.0070621s1973 newa grp 000 0 eng  ac10000a225bINT aHoly Bible aNew JerseybInternational Bible Societyc1973 a207p aincludes index and biblioraphy aNew Testament2 aInternational Bible Society